000 00306nam a2200109Ia 4500
008 200302s9999 xx 000 0 und d
100 _aMichael Dewe
245 _aPlanning and Designing Libraries for Children and Young People
260 _bLibrary Association Publishing
260 _c1995
300 _a227 P.,
999 _c2170
_d2170